Top 10 der bevölkerungsärmsten US-Bundesstaaten - Statistiken

Allgemein
  • Dieses Quiz wurde 162 mal gespielt
  • Das Durchschnittsergebnis liegt bei 6 aus 10
Antwortstatistiken
Bevölkerung Staat % Korrekt
733 583 Alaska
70%
1 093 734 Rhode Island
67%
581 381 Wyoming
66%
779 261 North Dakota
64%
909 824 South Dakota
62%
1 385 340 Maine
57%
1 122 867 Montana
57%
647 064 Vermont
55%
1 018 396 Delaware
49%
1 395 231 New Hampshire
45%
Keine übereinstimmenden Quizze gefunden
Verteilung der Resultate
Anzahl Personen mit jedem Resultat
Perzentil nach korrekt beantworteten Fragen
Ihre Resultats-Entwicklung
Sie haben dieses Quiz noch nicht gespielt